The Ballad of Songbirds and Snakes Trivia - Statistics

General Stats
  • This quiz has been taken 149 times
  • The average score is 15 of 18
Answer Stats
Hint Answer % Correct
Main character Coriolanus Snow
99%
Television host Lucky Flickerman
97%
Singing female tribute from District 12 Lucy Gray Baird
97%
Post-apocalyptis country name Panem
97%
Main character's cousin Tigris
97%
Author Suzanne Collins
95%
Group of travelling musicians which the above is a part of The {Covey}
92%
Main character's classmate who becomes a Peacekeeper Sejanus Plinth
90%
Plant that grows along the lake, also called swamp potato Katniss
89%
Genetically modified, conversation-transmitting bird Jabberjay
85%
Type of flower that Grandma'am gardens on the roof Rose
85%
Nickname the main character's cousin gives him Coryo
83%
Head Gamemaker Dr. Volumnia Gaul
79%
The Capitol's official military force Peacekeepers
78%
Dean of the academy Casca Highbottom
74%
The final line of the book Snow lands on top
56%
President of the Capitol President {Ravinstill}
44%
Person hanged in the Hanging Tree Arlo
40%
No matching quizzes found
Score Distribution
Percent of People with Each Score
Percentile by Number Answered
Your Score History
You have not taken this quiz